004020000a22001090004500090001700000245009000017041001400107100002700121942001300148773011400161999001700275 aASbSeriadas10aNuevo registro del género Symphyogyna () para Colombia0 aEspañol1 aUribe M., Jaime992646 cARTICULO1 tRevista de la Academia Colombiana de Ciencias Exactas, Fisicas y Naturales332hSupl. Esp.q119-121d1999g23 c14319d14319